000 00749nam a22002537a 4500
001 0011707
003 DO-SdBNP
005 20180119131145.0
007 0011707
008 161101b 1991 sp||||| |||| 00| 0 spa d
020 _a8434835002
040 _aBPMSU
_bspa
_cBPMSU
100 1 _aAsimov, Isaac
245 1 _a¿Cómo viviremos en el universo ? /
_cIsaac Asimov ; traducción Fernando Bort
260 _aMadrid :
_bEdiciones S M,
_c1991.
300 _a32 p. :
_bil.,
_c27 cm.
490 1 _aBiblioteca del universo
_v24
500 _aIncluye índice alfabético
700 1 _aBort, Fernando,
_etr.
830 0 _aBiblioteca del universo
_n24
942 _2ddc
_cBK
945 _aInventariado, 2018/MFF
956 _aBTAVÁREZ
_b10
_c20161101
_d0011707
999 _c11751
_d11751